Follow That Line: Schitt's Creek, Season 5 Quiz Stats

 Plays Quiz not verified by Sporcle

Score 0/28 Timer 10:00
0 Plays Today
% Correct
And you had a wonderful time in the children's grotto!
85.6%
It's a ground ball, David, so in a game situation, it is possible that the ball won't be hit directly into your glove.
81.5%
Okay, small problem, um, our money isn't for sale.
81.1%
Compared to what, a haunted house?
80.2%
Squared off at the toe.
77.8%
Yes! I've been told definitively it will happen, and I quote, 'ideally sometime this year.'
77%
Well, I could ask Jocelyn. She planned her brother-in-law's funeral for under a hundred bucks.
76.5%
David, you have to stop watching Notting Hill. It's not helpful for our relationship.
76.1%
Then go to a morgue.
74.9%
That makes total sense, considering how nobody you dated ever expressed any interest in that.
72.8%
I don't think that was me.
72.8%
She has the worst taste in men. At one point, she told me she was looking for a Jon Gosselin type.
71.2%
Yes, you have legs like tree trunks--we knew that going into this.
70%
Hey, that happened twice, David. Let it go.
68.3%
% Correct
Okay, fine, but I think everyone here has already heard about my Vin Diesel adventure.
64.2%
Okay, it's just that you waited until after she left to put your lil' foot down, so I'm just not sure if she's aware of that plan.
63%
Tell that to me at 21 escaping the Yakuza.
61.7%
Well, when you put it that way it sorta cheapens it.
61.7%
Ew, Ted! What am I, 32?
61.7%
Well, isn't that a compliment... for him.
61.3%
They're Tom Ford, John, no! And they wouldn't fit you anyway.
55.1%
Sorry, sir, I'm gonna need to take that for the next category. We'll be mailing yours in 6 to 8 weeks along with the bill.
53.5%
I think I can wrap my head around that.
52.7%
Or the placement of Alexis's back tattoo.
50.2%
At 9 a.m. it's a little early for character assassination.
45.7%
Okay, you might wanna talk to half my birthright trip about that.
44.9%
Excuse me. You're an almost-married man now.
44.4%
F*** off, Alexis.
37.4%

You're not logged in!

Compare scores with friends on all Sporcle quizzes.
OR
Log In

Show Comments

Extras

Top Quizzes Today


Score Distribution

Your Account Isn't Verified!

In order to create a playlist on Sporcle, you need to verify the email address you used during registration. Go to your Sporcle Settings to finish the process.

Report this User

Report this user for behavior that violates our Community Guidelines.

Details: